• 首页
  • 本馆介绍
  • 公告通知
  • 最新文献
  • 馆藏检索
  • 电子资源
  • 读者导购
  • 参考咨询
  • 我的图书馆
  • 登录
  • 详细信息显示
  • 放入我的书架
  • 预约/预借图书
  • 作者相关作品
  • 分类相关作品
  • 丛书相关作品
  • 出版社相关作品

书目信息

  • 表格格式
  • 工作单格式
  • 卡片格式
题名:
重构女性话语
    
 
作者: 庄园 著
分册:  
出版信息: 汕头   汕头大学出版社  2005
页数: 275页
开本: 23cm
丛书名: 汕头大学学术丛书
单 册:
中图分类: I106-53
科图分类:
主题词: 中文--文学研究--世界--现代--文集 , 电视影片评论--世界--文集 , 书评--中国--现代--选集 , 中文 , 文学研究 , 电影评论--世界--文集 , 电视影片评论 , 书评 , 电影评论 , 文学--世界
电子资源:
ISBN: 7-81036-805-2
000 01224oam2 2200373 450
001 010050027382
005 20061104082612.21
010    @a7-81036-805-2@dCNY38.80
100    @a20050725d2005 em y0chiy0110 ea
101 0  @achi
102    @aCN@b440000
105    @ay z 000yy
200 1  @a重构女性话语@9chong gou nu^ xing hua yu@f庄园著
210    @a汕头@c汕头大学出版社@d2005
215    @a275页@d23cm
225 2  @a汕头大学学术丛书@v9
308    @a丛书第一辑
314    @a庄园,女,文学硕士,现为汕头大学华文文学研究中心助理研究员,曾在《羊城晚报》当了5年记者。
330    @a本书分为:华文文学研究专题、影视评论、经典碟评、书评及其他。包括作者发表在学术刊物的十多篇华文文学的评论文章,还有在媒体工作期间写的部分时尚书评和影视评论。
461  0 @12001 @a汕头大学学术丛书@v9
606 0  @a中文@x文学研究@y世界@z现代@j文集
606 0  @a电视影片评论@y世界@j文集
606 0  @a书评@y中国@z现代@j选集
606 0  @a中文
606 0  @a文学研究
606 0  @a电影评论@y世界@j文集
606 0  @a电视影片评论
606 0  @a书评
606 0  @a电影评论
606 0  @a文学@x世界
690    @aI106-53@v3
701  0 @a庄园@9zhuang yuan@4著
801  0 @aCN@bRENTIAN@c20061104
905    @a10447@dI106-53@e156
    
    重构女性话语/庄园著.-汕头:汕头大学出版社,2005
    275页;23cm.-(汕头大学学术丛书;9)
    
    
    ISBN 7-81036-805-2:CNY38.80
    本书分为:华文文学研究专题、影视评论、经典碟评、书评及其他。包括作者发表在学术刊物的十多篇华文文学的评论文章,还有在媒体工作期间写的部分时尚书评和影视评论。
●
相关链接 在E读中查询图书 在五车中查询图书 在当当中查询图书 在豆瓣中查询图书


正题名:重构女性话语     索取号:I106-53/156         预约/预借

序号 登录号 条形码 馆藏地/架位号 状态 备注
1 0381305   203813052   第一样本阅览室/ [索取号:I106-53/156] 在馆    
2 0381306   203813061   第二借阅区/ [索取号:I106-53/156] 在馆    
3 0381307   203813070   第二借阅区/ [索取号:I106-53/156] 在馆    
4 0381308   203813089   第二借阅区/ [索取号:I106-53/156] 在馆    
5 0381309   203813098   第二借阅区/ [索取号:I106-53/156] 在馆    
唐山师范学院图书馆 欢迎您!
大连网信软件有限公司© 版权所有